000 00373nam a2200157Ia 4500
008 230917s9999||||xx |||||||||||||| ||und||
020 _cPON7.5
040 _e26843
_aMAIN
041 _aEnglish
082 _a910.02 G723N
100 _aGoudie, Andrew
245 0 _aNature of the environment
260 _aOxford
_bBasil Blackwell
_c1984
300 _a331 p.
942 _cBK
999 _c46500
_d46500